000
00306nam a2200133Ia 4500
008
240624s9999 xx 000 0 und d
041
_a
eng
082
_a
891.43 KIR
100
_a
KIRPAL AVINASH
245
_a
MAHILA UDHYAMI
260
_c
2017
_a
New Delhi
_b
Sage
300
_a
168 p.; 20 cm.
365
_c
RS
999
_c
32483
_d
32483